Régions de France métropolitaine par densité de population - Statistiques

Statistiques générales
  • Ce quiz a été pris 116 fois
  • Le résultat moyen est 10 sur 13
Statistiques - réponses
Densité (hab/km2) Régions % Correct
1022 Île‑de‑France
100%
187 Hauts‑de‑France
86%
161 Provence‑Alpes‑Côte d’Azur
81%
123 Bretagne
80%
110 Normandie
75%
115 Auvergne‑Rhône‑Alpes
73%
96 Grand Est
73%
40 Corse
71%
81 Occitanie
71%
119 Pays de la Loire
71%
71 Nouvelle‑Aquitaine
68%
60 Centre‑Val de Loire
67%
58 Bourgogne‑Franche‑Comté
66%
Aucun quiz correspondant
Distribution des résultats
% des personnes avec chaque résultat
Percentile par nombre de réponses
Votre historique - résultats
Vous n’avez pas pris ce quiz